• 首页
  • 本馆介绍
  • 公告通知
  • 最新文献
  • 馆藏检索
  • 电子资源
  • 读者导购
  • 参考咨询
  • 我的图书馆
  • 登录
  • 详细信息显示
  • 放入我的书架
  • 预约/预借图书
  • 作者相关作品
  • 分类相关作品
  • 丛书相关作品
  • 出版社相关作品

书目信息

  • 表格格式
  • 工作单格式
  • 卡片格式
题名:
无机反应机理
    
 
作者: Basolo , 皮尔逊 , Pearson , 巴索洛 著 ;姚允斌 , 陈荣悌 译
分册:  
出版信息: 北京   科学出版社  1987
页数: 452页
开本: 26cm
丛书名:
单 册:
中图分类: O611.6
科图分类:
主题词: 化学反应-无机化学 , 溶液-金属络合物--研究 , 金属络合物-溶液--研究 , 无机化学-化学反应
电子资源:
ISBN:
000 01260nam0 2200361 45
001 0187009162
005 20070724102622.31
010    @b精装@dCNY7.70
091    @aCN@b13031.3481
100    @a19900808d1987 kemy0chiy0121 ea
101 1  @achi@ceng
102    @aCN@b110000
105    @ay z 001yy
200 10 @a无机反应机理@Awu ji fan ying ji li@e溶液中金属络合物的研究@f(美)巴索洛(Basolo,F.), (美)皮尔逊(Pearson,R.G.)著@g陈荣悌, 姚允斌译
210    @a北京@c科学出版社@d1987
215    @a452页@d26cm
300    @a书名原文: Mechanisms of inorganic reactions: A study of metal complexes in solution
510 1  @aMechanisms of inorganic reactions: A study of metal complexes in solution@zeng
517 1  @a溶液中金属络合物的研究@Arong ye zhong jin shu luo he wu de yan jiu
606    @a化学反应-无机化学
606    @a溶液-金属络合物@x研究
606    @a金属络合物-溶液@x研究
606    @a无机化学-化学反应
690    @aO611.6@v3
701 A1 @aBasolo@bF.@4著
701  1 @a皮尔逊@Api er xun@bR.G.@4著
701 A1 @aPearson@bR.G.@4著
701  1 @a巴索洛@Aba suo luo@bF.@4著
702  0 @a姚允斌@Ayao yun bin@4译
702  0 @a陈荣悌@Achen rong ti@4译
801  2 @aCN@bNLC@c20070724
801  0 @aCN@bTSSF
905    @a10447@dO611.6@e22
    
    无机反应机理:溶液中金属络合物的研究/(美)巴索洛(Basolo,F.), (美)皮尔逊(Pearson,R.G.)著/陈荣悌, 姚允斌译.-北京:科学出版社,1987
    452页;26cm
    书名原文: Mechanisms of inorganic reactions: A study of metal complexes in solution
    
    ISBN (精装):CNY7.70
    
●
相关链接 在E读中查询图书 在五车中查询图书 在当当中查询图书 在豆瓣中查询图书


正题名:无机反应机理     索取号:O611.6/22         预约/预借

序号 登录号 条形码 馆藏地/架位号 状态 备注
1 0768627   207686271   第二样本阅览室/ [索取号:O611.6/22] 在馆    
唐山师范学院图书馆 欢迎您!
大连网信软件有限公司© 版权所有